Fundations for Health Promotion (Record no. 5149)

MARC details
000 -LEADER
fixed length control field 00590nam a22002177a 4500
003 - CONTROL NUMBER IDENTIFIER
control field OSt
005 - DATE AND TIME OF LATEST TRANSACTION
control field 20160902183726.0
008 - FIXED-LENGTH DATA ELEMENTS--GENERAL INFORMATION
fixed length control field 160902b xxu||||| |||| 00| 0 eng d
020 ## - INTERNATIONAL STANDARD BOOK NUMBER
International Standard Book Number 9780702054426
040 ## - CATALOGING SOURCE
Transcribing agency DMLN
082 ## - DEWEY DECIMAL CLASSIFICATION NUMBER
Classification number WA525 N143f 2016
100 ## - MAIN ENTRY--PERSONAL NAME
Personal name Naidoo, Jennie; Wills, Jane
9 (RLIN) 10996
245 ## - TITLE STATEMENT
Title Fundations for Health Promotion
250 ## - EDITION STATEMENT
Edition statement 4th ed.
260 ## - PUBLICATION, DISTRIBUTION, ETC. (IMPRINT)
Place of publication, distribution, etc. UK; Elsevier, 2016
300 ## - PHYSICAL DESCRIPTION
Extent ix,335p; col.ill: 24.5cm
504 ## - BIBLIOGRAPHY, ETC. NOTE
Bibliography, etc References, glossay, & index included
650 ## - SUBJECT ADDED ENTRY--TOPICAL TERM
Topical term or geographic name as entry element Health Promotion
9 (RLIN) 2077
650 ## - SUBJECT ADDED ENTRY--TOPICAL TERM
Topical term or geographic name as entry element Public health
9 (RLIN) 2243
942 ## - ADDED ENTRY ELEMENTS (KOHA)
Source of classification or shelving scheme Other/Generic Classification Scheme
Koha item type Open Shelf
Holdings
Withdrawn status Lost status Source of classification or shelving scheme Damaged status Not for loan Home library Current library Date acquired Source of acquisition Inventory number Total Checkouts Full call number Barcode Date last seen Koha item type Date last checked out Price effective from
    Other/Generic Classification Scheme     MUST Main Library MUST Main Library 02/09/2016   16/39728   WA525 N143f 2016 2016-4042 02/09/2016 Open Shelf    
    Other/Generic Classification Scheme     MUST Main Library MUST Main Library 02/09/2016   16/39727   WA525 N143f 2016 2016-4043 02/09/2016 Open Shelf    
    Other/Generic Classification Scheme     MUST Main Library MUST Main Library 02/09/2016   16/39726 1 WA525 N143f 2016 2016-4044 21/10/2019 Open Shelf 13/09/2019  
    Other/Generic Classification Scheme     MUST Main Library MUST Main Library 02/09/2016   16/39725   WA525 N143f 2016 2016-4045 02/09/2016 Short Loan    
    Other/Generic Classification Scheme     MUST Main Library MUST Main Library 02/09/2016   16/39724 1 WA525 N143f 2016 2016-4046 14/06/2018 Short Loan 14/06/2018  
    Other/Generic Classification Scheme     MUST Main Library MUST Main Library 10/08/2022 Purchase 22/41824   WA525 N143f 2016 2022-7836 10/08/2022 Book   10/08/2022
    Other/Generic Classification Scheme     MUST Main Library MUST Main Library 10/08/2022 Purchase 22/41823   WA525 N143f 2016 2022-7837 10/08/2022 Book   10/08/2022
    Other/Generic Classification Scheme     MUST Main Library MUST Main Library 10/08/2022 Purchase 22/41822   WA525 N143f 2016 2022-7838 10/08/2022 Open Shelf   10/08/2022